[Event "Brno /Dedek mem. B/"]
[Site "?"]
[Date "2005.01.04"]
[Round "1"]
[White "Prokop, Petr"]
[Black "Novak, Jaromir"]
[Result "0-1"]
[WhiteElo "1621"]
[BlackElo "1955"]
[PlyCount "76"]
[EventDate "2005.01.04"]

1. e4 e6 2. d4 d5 3. Nd2 Nf6 4. e5 Nfd7 5. Ngf3 c5 6. c3 Nc6 7. Be2 cxd4 8.
cxd4 f6 9. exf6 Nxf6 10. O-O Bd6 11. Re1 O-O 12. a3 Qc7 13. Bd3 Bd7 14. Nb3 e5
15. dxe5 Nxe5 16. Nxe5 Bxe5 17. h3 Rae8 18. Nd2 Qb6 19. Nf3 Qc7 20. Rxe5 Rxe5
21. Bf4 Re1+ 22. Qxe1 Qxf4 23. Qe5 Qa4 24. Qc7 Qb3 25. Ne5 Rc8 26. Qd6 Qxb2 27.
Rb1 Rc1+ 28. Kh2 Rxb1 29. Nxd7 Nxd7 30. Qxd5+ Kf8 31. Qd6+ Ke8 32. Qe6+ Kd8 33.
Bxb1 Qxb1 34. Qg8+ Kc7 35. Qc4+ Kd6 36. Qd4+ Kc6 37. Qc4+ Nc5 38. Qf7 38... Qg6
{(1.50-1.45)} 0-1

[Event "Brno /Dedek mem. B/"]
[Site "?"]
[Date "2005.01.13"]
[Round "1"]
[White "Smistik, Milan"]
[Black "Doskar, Miloslav"]
[Result "1-0"]
[WhiteElo "2273"]
[BlackElo "1685"]
[PlyCount "47"]
[EventDate "2005.01.04"]

1. e4 c5 2. g3 d6 3. Bg2 Nc6 4. c3 Nf6 5. Ne2 Ne5 6. d4 cxd4 7. cxd4 Ned7 8.
Nbc3 a6 9. O-O Rb8 10. Bg5 h6 11. Bxf6 gxf6 12. Rc1 b5 13. Nd5 e6 14. Nc7+ Ke7
15. Nf4 Nb6 16. Re1 Nc4 17. Ncd5+ exd5 18. exd5+ Kd7 19. b3 Qa5 20. bxc4 bxc4
21. Qe2 Bb7 22. Rxc4 f5 23. Ng6 Bxd5 24. Nxf8+ {(1.09-1.37)} 1-0

[Event "Brno /Dedek mem. B/"]
[Site "?"]
[Date "2005.01.04"]
[Round "1"]
[White "Vesely, Jaromir"]
[Black "Petrilak, Jan"]
[Result "1-0"]
[WhiteElo "2046"]
[BlackElo "1623"]
[PlyCount "63"]
[EventDate "2005.01.04"]

1. c4 e5 2. Nc3 Qh4 3. Nf3 Qxc4 4. Nxe5 Qe6 5. d4 Nc6 6. Bf4 Nxe5 7. Bxe5 Ne7
8. e3 c6 9. Bd3 Ng6 10. Bg3 h5 11. h3 d5 12. O-O f5 13. Qc2 Be7 14. Rae1 Bd7
15. a3 Rh6 16. f3 Qf6 17. Rf2 Qg5 18. Bh2 h4 19. e4 Nf4 20. Bxf4 Qxf4 21. exd5
Qxd4 22. Bxf5 Qf6 23. Bxd7+ Kxd7 24. dxc6+ bxc6 25. Rd2+ Kc8 26. Nd5 Qg5 27.
Nxe7+ Kc7 28. Nf5 Rf6 29. Re7+ Kb6 30. Qb3+ Ka6 31. Qb7+ Ka5 32. Re5+ {
(1.00-1.32)} 1-0

[Event "Brno /Dedek mem. B/"]
[Site "?"]
[Date "2005.01.04"]
[Round "1"]
[White "Hnilicka, Michal"]
[Black "Hladil, Ivo"]
[Result "0-1"]
[WhiteElo "1748"]
[BlackElo "1838"]
[PlyCount "22"]
[EventDate "2005.01.04"]

1. e4 d6 2. d4 Nf6 3. Nc3 c6 4. Bc4 b5 5. Bb3 b4 6. Na4 Nxe4 7. Nf3 Ba6 8. Nd2
d5 9. Qf3 Nxd2 10. Bxd2 e6 11. Nc5 Qb6 0-1

[Event "Brno /Dedek mem. B/"]
[Site "?"]
[Date "2005.01.06"]
[Round "2"]
[White "Zejda, Karel"]
[Black "Hladil, Ivo"]
[Result "1-0"]
[WhiteElo "1814"]
[BlackElo "1838"]
[PlyCount "111"]
[EventDate "2005.01.04"]

1. d4 f5 2. g3 Nf6 3. c4 e6 4. Nc3 d5 5. Bg2 c6 6. Nf3 Bd6 7. Ne5 O-O 8. cxd5
exd5 9. O-O Qe8 10. f4 Ne4 11. Qb3 Kh8 12. Nxe4 fxe4 13. Bd2 Na6 14. Rac1 Rb8
15. a3 Qh5 16. Rf2 Rf6 17. Qe3 Nc7 18. Ba5 Ne8 19. Bd8 Rh6 20. Bh4 Nf6 21. h3
Qe8 22. Bg5 Rxh3 23. Bxh3 Bxh3 24. Rh2 Bf5 25. Qb3 Ng4 26. Rh4 Nxe5 27. fxe5
Bc7 28. Rf1 Qd7 29. Rhf4 Be6 30. Rf8+ Bg8 31. Rxb8 Bxb8 32. Rf8 Qg4 33. Qe3 Bc7
34. Re8 h5 35. Bh4 Kh7 36. Qf2 Be6 37. Qf8 Qxe2 38. Qh8+ Kg6 39. Rxe6+ Kf5 40.
Rf6+ gxf6 41. Qxf6+ Kg4 42. Qg6+ Kf3 43. Qxh5+ Ke3 44. Qxe2+ Kxe2 45. e6 Bd6
46. e7 Bxe7 47. Bxe7 Kf3 48. Bd6 b6 49. Kf1 c5 50. dxc5 bxc5 51. Bxc5 a6 52. b4
Kxg3 53. a4 Kf3 54. b5 axb5 55. axb5 e3 56. b6 1-0

[Event "Brno /Dedek mem. B/"]
[Site "?"]
[Date "2005.01.06"]
[Round "2"]
[White "Prokes, Karel"]
[Black "Hnilicka, Michal"]
[Result "0-1"]
[WhiteElo "1747"]
[BlackElo "1748"]
[PlyCount "130"]
[EventDate "2005.01.04"]

1. e4 e5 2. Nf3 Nc6 3. Bc4 Nf6 4. Ng5 d5 5. exd5 Na5 6. Bb5+ c6 7. dxc6 bxc6 8.
Qf3 h6 9. Ne4 Bb7 10. Nxf6+ Qxf6 11. Qxf6 gxf6 12. Be2 Rg8 13. Rg1 O-O-O 14.
Nc3 c5 15. f3 Nc6 16. d3 Nd4 17. Kd1 Nxf3 18. Bxf3 Bxf3+ 19. Ke1 Rg6 20. Kf2
Bc6 21. Be3 f5 22. g3 Be7 23. a4 Rdg8 24. Ne2 h5 25. Ke1 h4 26. Kd2 hxg3 27.
hxg3 Bf3 28. Raf1 e4 29. Nf4 Rxg3 30. Nd5 Bd6 31. Rxg3 Rxg3 32. Rg1 Rxg1 33.
Bxg1 exd3 34. Ne3 dxc2 35. Nxc2 Kc7 36. Ne3 Be4 37. Nc4 Bf4+ 38. Kc3 Kc6 39. b4
cxb4+ 40. Kxb4 a6 41. Kc3 Bc7 42. Bd4 f4 43. Ne5+ Kd5 44. Nc4 Bg6 45. Bf2 Bh5
46. Bd4 Be2 47. Nb6+ Ke4 48. Bc5 f3 49. Bf2 Bd1 50. a5 Be5+ 51. Kd2 Be2 52. Na4
Bf4+ 53. Ke1 Kd3 54. Nc5+ Kc2 55. Bd4 Bd2+ 56. Kf2 Bxa5 57. Be3 Kd1 58. Ne4
Be1+ 59. Kg1 a5 60. Nf2+ Bxf2+ 61. Kxf2 a4 62. Bc5 Kc2 63. Ke1 Bd3 64. Bd4 a3
65. Bc5 a2 0-1

[Event "Brno /Dedek mem. B/"]
[Site "?"]
[Date "2005.01.06"]
[Round "2"]
[White "Petrilak, Jan"]
[Black "Zikan, Karel"]
[Result "1-0"]
[WhiteElo "1623"]
[BlackElo "1883"]
[PlyCount "87"]
[EventDate "2005.01.04"]

1. e4 c6 2. b3 d5 3. exd5 cxd5 4. Bb2 Nc6 5. Nf3 Bg4 6. Be2 e6 7. O-O Nf6 8. h3
Bh5 9. Na3 Be7 10. Nb5 O-O 11. Re1 Rc8 12. Rc1 Qb6 13. Nfd4 Bxe2 14. Qxe2 a6
15. Nxc6 Rxc6 16. Nd4 Rc7 17. d3 Bb4 18. Red1 Bc3 19. Bxc3 Rxc3 20. Nf3 Rfc8
21. Ne5 Qa5 22. a4 Qc7 23. Rd2 Rxb3 24. c4 Ra3 25. Rdc2 d4 26. Rb2 Nd7 27. Nxd7
Qxd7 28. Rcb1 Rc7 29. Qf3 g6 30. Rxb7 Rxa4 31. g3 Qc6 32. Rb8+ Kg7 33. Qf4 Qc5
34. h4 h6 35. Rd8 e5 36. Qe4 Re7 37. Rbb8 f5 38. Rg8+ Kf6 39. Qa8 Ra1+ 40. Kg2
e4 41. Rbf8+ Rf7 42. Rxf7+ Kxf7 43. Qe8+ Kf6 44. Rxg6# 1-0

[Event "Brno /Dedek mem. B/"]
[Site "?"]
[Date "2005.01.06"]
[Round "2"]
[White "Doskar, Miloslav"]
[Black "Vesely, Jaromir"]
[Result "0-1"]
[WhiteElo "1685"]
[BlackElo "2046"]
[PlyCount "48"]
[EventDate "2005.01.04"]

1. d4 e6 2. c4 d5 3. e3 Nf6 4. Nf3 Be7 5. Nc3 b6 6. Bd3 Bb7 7. O-O O-O 8. b3
Nbd7 9. Bb2 Ne4 10. Bxe4 dxe4 11. Nd2 f5 12. Ne2 Bd6 13. g3 Qe7 14. Qc2 Rad8
15. Rad1 c5 16. Nb1 cxd4 17. Bxd4 e5 18. Ba1 Nc5 19. Nbc3 f4 20. Nd5 Bxd5 21.
cxd5 f3 22. Nc3 Qd7 23. Kh1 Qh3 24. Rg1 24... Rf6 {(0.55-0.25)} 0-1

[Event "Brno /Dedek mem. B/"]
[Site "?"]
[Date "2005.01.06"]
[Round "2"]
[White "Novak, Jaromir"]
[Black "Smistik, Milan"]
[Result "1-0"]
[WhiteElo "1955"]
[BlackElo "2273"]
[PlyCount "75"]
[EventDate "2005.01.04"]

1. e4 e5 2. Nf3 Nf6 3. d4 Nxe4 4. Bd3 d5 5. Nxe5 Nd7 6. Nxf7 Kxf7 7. Qh5+ Ke7
8. Qe2 Ndf6 9. f3 Bf5 10. Nc3 Kd7 11. fxe4 dxe4 12. Bxe4 Bxe4 13. Nxe4 Bb4+ 14.
c3 Re8 15. O-O Kc8 16. Bg5 Rxe4 17. Qxe4 Nxe4 18. Bxd8 Kxd8 19. cxb4 Nf6 20. g4
h6 21. h4 Ke7 22. Rae1+ Kd6 23. g5 hxg5 24. hxg5 Nh7 25. Re5 Rf8 26. Rxf8 Nxf8
27. Kf2 Ng6 28. Rf5 Ke6 29. Ra5 a6 30. b5 axb5 31. Rxb5 b6 32. Ke3 Kd6 33. a4
Nf8 34. b4 g6 35. a5 Nd7 36. a6 Kc6 37. d5+ Kxb5 38. a7 1-0

[Event "Brno /Dedek mem. B/"]
[Site "?"]
[Date "2005.02.01"]
[Round "2"]
[White "Stanek, Stanislav"]
[Black "Prokop, Petr"]
[Result "1-0"]
[WhiteElo "2009"]
[BlackElo "1621"]
[PlyCount "57"]
[EventDate "2005.01.04"]

1. Nc3 d5 2. d4 Nf6 3. f3 e6 4. Bg5 Be7 5. e3 O-O 6. Nce2 c5 7. c3 b6 8. Ng3
Bb7 9. Bd3 Nbd7 10. f4 h6 11. Bxf6 Nxf6 12. Qf3 cxd4 13. exd4 Qc7 14. Nh3 a5
15. O-O Ba6 16. Bxa6 Rxa6 17. Rae1 b5 18. Re3 Rc6 19. Rfe1 Bd6 20. Ne2 Ne4 21.
Nf2 Nd2 22. Qg4 f5 23. Qg6 Bxf4 24. Nxf4 e5 25. Nxd5 Rxg6 26. Nxc7 f4 27. Rd3
e4 28. Rxd2 e3 29. Rde2 {(0.49-1.58)} 1-0

[Event "Brno /Dedek mem. B/"]
[Site "?"]
[Date "2005.01.11"]
[Round "3"]
[White "Prokop, Petr"]
[Black "Zejda, Karel"]
[Result "0-1"]
[WhiteElo "1621"]
[BlackElo "1814"]
[PlyCount "64"]
[EventDate "2005.01.04"]

1. e4 c5 2. Nf3 d6 3. d4 cxd4 4. Nxd4 Nf6 5. Nc3 a6 6. Be2 e6 7. O-O Be7 8. Be3
Qc7 9. f4 Nc6 10. a3 Bd7 11. Kh1 O-O 12. Bf3 Rac8 13. Qd2 Na5 14. Bf2 b5 15.
Be1 Nc4 16. Qc1 Rb8 17. b3 Nxa3 18. Rxa3 b4 19. Rxa6 bxc3 20. Qa1 Rfc8 21. Ra7
Rb7 22. Rxb7 Qxb7 23. e5 Nd5 24. exd6 Bxd6 25. Bxd5 Qxd5 26. Bxc3 e5 27. Nf3 e4
28. Rd1 Qc6 29. Ne1 Bg4 30. Rd4 Qb5 31. Rc4 Rxc4 32. Qa8+ 32... Rc8 {
(1.59-1.35)} 0-1

[Event "Brno /Dedek mem. B/"]
[Site "?"]
[Date "2005.01.11"]
[Round "3"]
[White "Smistik, Milan"]
[Black "Stanek, Stanislav"]
[Result "0-1"]
[WhiteElo "2273"]
[BlackElo "2009"]
[PlyCount "172"]
[EventDate "2005.01.04"]

1. Nf3 d6 2. d4 Bg4 3. c4 Nd7 4. Qb3 Qc8 5. h3 Bf5 6. Nc3 Ngf6 7. Nh4 Bg6 8.
Nxg6 hxg6 9. g3 c6 10. Bg2 e5 11. Qd1 Qc7 12. b3 Be7 13. a4 a5 14. Ba3 Nb8 15.
d5 c5 16. h4 Na6 17. Bh3 Rd8 18. Bc1 Rb8 19. Bg5 Nh7 20. Qd2 Qd8 21. Be3 f5 22.
O-O-O Qb6 23. Nb5 Nf6 24. f3 Nc7 25. Nxc7+ Qxc7 26. Bg5 Qb6 27. Kb2 Qd8 28. e4
Nh5 29. Bxe7 Qxe7 30. Rdg1 fxe4 31. fxe4 O-O 32. Be6+ Kh7 33. Ka3 b6 34. Qg5
Qf6 35. Bg4 Rb7 36. Be6 Rbb8 37. Bg4 Rbe8 38. Rh2 Rf7 39. Kb2 Ref8 40. Kc3 Qe7
41. Kd3 Qf6 42. Ke3 Qd8 43. Ke2 Qf6 44. Ke1 Qd8 45. Be2 Qf6 46. Rf1 Qxf1+ 47.
Bxf1 Rxf1+ 48. Kd2 Ra1 49. Re2 Rf3 50. Re3 Nxg3 51. Qxg3 Rxg3 52. Rxg3 Rh1 53.
Rg4 Kh6 54. Kd3 Rf1 55. Kc3 Rf3+ 56. Kc2 Rf6 57. Kd3 Kh5 58. Rg1 Rf3+ 59. Kc2
Rf4 60. Rg5+ Kh6 61. Rg3 Rxe4 62. Rf3 Rf4 63. Rh3 Kh5 64. Kd3 e4+ 65. Ke3 Rf3+
66. Rxf3 exf3 67. Kxf3 Kxh4 68. Kf4 Kh5 69. Ke4 Kg4 70. Ke3 Kf5 71. Kf3 g5 72.
Kg3 g4 73. Kh4 g5+ 74. Kg3 Kg6 75. Kxg4 Kf6 76. Kg3 Kf5 77. Kf3 g4+ 78. Ke3 Kg5
79. Ke4 g3 80. Kf3 Kh4 81. Kg2 Kg4 82. Kg1 Kf3 83. Kf1 g2+ 84. Kg1 Kg3 85. b4
cxb4 86. c5 b3 0-1

[Event "Brno /Dedek mem. B/"]
[Site "?"]
[Date "2005.01.11"]
[Round "3"]
[White "Vesely, Jaromir"]
[Black "Novak, Jaromir"]
[Result "1-0"]
[WhiteElo "2046"]
[BlackElo "1955"]
[PlyCount "79"]
[EventDate "2005.01.04"]

1. d4 d5 2. Nf3 e6 3. c4 c6 4. Nc3 Nf6 5. e3 Bd6 6. Bd3 Nbd7 7. O-O O-O 8. e4
dxe4 9. Nxe4 Nxe4 10. Bxe4 Nf6 11. Bc2 Re8 12. Bg5 Be7 13. Qd3 g6 14. Rad1 Kg7
15. Ne5 Ng8 16. f4 c5 17. Bxe7 Qxe7 18. Qc3 f6 19. Nf3 Bd7 20. Rfe1 cxd4 21.
Nxd4 Rac8 22. b4 Qf7 23. c5 Ne7 24. Be4 Nd5 25. Qc4 a6 26. f5 gxf5 27. Nxf5+
exf5 28. Bxd5 Rxe1+ 29. Rxe1 Qf8 30. Bxb7 Re8 31. Rd1 Bb5 32. Qf4 Re5 33. c6
Qb8 34. Rd7+ Kh8 35. Qg3 Qg8 36. Qxg8+ Kxg8 37. Rd8+ Kg7 38. c7 f4 39. h4 f3
40. Bxf3 {(1.10-1.35)} 1-0

[Event "Brno /Dedek mem. B/"]
[Site "?"]
[Date "2005.01.11"]
[Round "3"]
[White "Zikan, Karel"]
[Black "Doskar, Miloslav"]
[Result "1-0"]
[WhiteElo "1883"]
[BlackElo "1685"]
[PlyCount "153"]
[EventDate "2005.01.04"]

1. c4 Nf6 2. Nc3 e6 3. g3 Bb4 4. Bg2 Bxc3 5. bxc3 O-O 6. d4 d6 7. Bg5 Nbd7 8.
e3 h6 9. Bxf6 Nxf6 10. Rb1 Rb8 11. Nf3 b6 12. O-O Bb7 13. Rb2 c5 14. Qa4 a5 15.
Nd2 Bxg2 16. Kxg2 Qc7 17. Rfb1 Nd7 18. Qc2 Qc6+ 19. f3 f5 20. Kf2 g6 21. Qd3
Nf6 22. Nb3 Ne4+ 23. Kg2 Ng5 24. Qe2 Qc7 25. Nc1 e5 26. h4 Ne6 27. d5 Ng7 28.
Rb5 f4 29. g4 h5 30. gxh5 Nxh5 31. Qd3 Rf7 32. Ne2 Qd8 33. Rh1 Qf6 34. e4 g5
35. hxg5 Qxg5+ 36. Kf2 Kf8 37. Ke1 Ke7 38. Kd2 Kd7 39. Qb1 Kc7 40. Kd3 Qg2 41.
Qf1 Qxf1 42. Rxf1 Ng3 43. Rg1 Rg7 44. Rb2 Rbg8 45. Nxg3 Rxg3 46. Rxg3 Rxg3 47.
Rf2 Kd7 48. Ke2 Ke7 49. Rh2 Kf7 50. Kf2 Kg7 51. Rh5 a4 52. Rh1 Kf6 53. Rb1 Rh3
54. Kg2 Rg3+ 55. Kf2 Rh3 56. Rxb6 Rh2+ 57. Kg1 Rxa2 58. Rxd6+ Kg5 59. Re6 Kh4
60. Rxe5 Kg3 61. Rg5+ Kxf3 62. e5 Ra1+ 63. Kh2 Ra2+ 64. Kh3 Ra1 65. Rg2 Rh1+
66. Rh2 Rxh2+ 67. Kxh2 a3 68. Kh3 a2 69. Kh4 a1=Q 70. e6 Qxc3 71. Kg5 Qg7+ 72.
Kf5 Qe7 73. Ke5 Qg5+ 74. Kd6 Qd8+ 75. Ke5 Ke3 76. Kf5 Qg5+ 77. Kxg5 1-0

[Event "Brno /Dedek mem. B/"]
[Site "?"]
[Date "2005.01.11"]
[Round "3"]
[White "Hnilicka, Michal"]
[Black "Petrilak, Jan"]
[Result "1-0"]
[WhiteElo "1748"]
[BlackElo "1623"]
[PlyCount "101"]
[EventDate "2005.01.04"]

1. e4 e5 2. Nf3 Nc6 3. Bc4 Bc5 4. b4 Bxb4 5. c3 Be7 6. O-O Nf6 7. Re1 d6 8. d4
Bg4 9. h3 Bh5 10. d5 Bxf3 11. Qxf3 Na5 12. Bb5+ c6 13. dxc6 bxc6 14. Ba4 O-O
15. Bg5 h6 16. Bh4 Rb8 17. Nd2 Rb6 18. Qd3 Qc8 19. Nb3 Nb7 20. f3 c5 21. Nd2
Na5 22. Bf2 Nh5 23. Be3 Nf4 24. Bxf4 exf4 25. Nc4 Nxc4 26. Qxc4 Bf6 27. Rac1
Qc7 28. Red1 Rfb8 29. Rd5 Be5 30. Rcd1 Rb1 31. Bb3 Rxd1+ 32. Rxd1 Rb7 33. Rd3
Qe7 34. Qd5 Rc7 35. Qa8+ Kh7 36. Bd5 c4 37. Rd1 Bxc3 38. Qb8 Ba5 39. Rc1 c3 40.
Qb3 Bb6+ 41. Kh1 Qf6 42. Qc2 Qe5 43. Rd1 h5 44. Bb3 Kh6 45. Rd5 Qe7 46. Rf5 Qh4
47. Qd1 c2 48. Bxc2 Rxc2 49. Qxd6+ Kh7 50. Qf8 g6 51. Rxf7# 1-0

[Event "Brno /Dedek mem. B/"]
[Site "?"]
[Date "2005.01.11"]
[Round "3"]
[White "Hladil, Ivo"]
[Black "Prokes, Karel"]
[Result "1/2-1/2"]
[WhiteElo "1838"]
[BlackElo "1747"]
[PlyCount "140"]
[EventDate "2005.01.04"]

1. c4 e5 2. Nc3 Nf6 3. g3 Bb4 4. Bg2 Bxc3 5. bxc3 O-O 6. Nf3 Re8 7. Qc2 h6 8.
e4 d6 9. O-O Be6 10. d3 Nc6 11. Rb1 Rb8 12. h3 Qd7 13. Kh2 Ne7 14. c5 b6 15. d4
Bc4 16. Rd1 Ng6 17. cxd6 cxd6 18. dxe5 Nxe5 19. Nd4 Be6 20. f4 Bxh3 21. Bxh3
Neg4+ 22. Bxg4 Qxg4 23. Re1 Qg6 24. f5 Qg4 25. Bf4 Rbc8 26. Qd3 d5 27. exd5
Nxd5 28. Rxe8+ Rxe8 29. Rf1 Qh5+ 30. Kg2 Nxf4+ 31. Rxf4 Re1 32. Rf1 Re8 33. Qd2
Qg4 34. Qf4 Qxf4 35. Rxf4 Rc8 36. Rf3 Rc4 37. Rd3 a6 38. Kf3 Kf8 39. Ke4 Ke7
40. g4 b5 41. Kd5 Kf6 42. Ke4 Kg5 43. Kf3 Ra4 44. Rd2 Rc4 45. Rd3 Ra4 46. Re3
Rxa2 47. Ne6+ Kf6 48. Nc7 Ra4 49. Re4 Ra1 50. Ne8+ Kg5 51. Nxg7 Ra3 52. Re3 a5
53. Ne6+ Kf6 54. Nc7 b4 55. Nd5+ Kg5 56. cxb4 axb4 57. Nxb4 Rxe3+ 58. Kxe3 Kxg4
59. Ke4 f6 60. Nd5 Kg5 61. Ne3 h5 62. Ng2 Kg4 63. Ne3+ Kg5 64. Kf3 h4 65. Ke4
h3 66. Nf1 Kg4 67. Nh2+ Kg3 68. Nf3 Kg4 69. Nh2+ Kg3 70. Nf3 Kg4 1/2-1/2

[Event "Brno /Dedek mem. B/"]
[Site "?"]
[Date "2005.01.13"]
[Round "4"]
[White "Zejda, Karel"]
[Black "Prokes, Karel"]
[Result "1-0"]
[WhiteElo "1814"]
[BlackElo "1747"]
[PlyCount "71"]
[EventDate "2005.01.04"]

1. d4 d5 2. c4 dxc4 3. Nf3 Nf6 4. e3 Be6 5. Nc3 c6 6. a4 Bd5 7. Ne5 Nbd7 8.
Nxc4 Qc7 9. Nd2 e5 10. Nxd5 Nxd5 11. Be2 exd4 12. exd4 Bd6 13. Nf3 O-O 14. O-O
Rfe8 15. Bd3 N7f6 16. Bg5 h6 17. Bh4 Re7 18. Rc1 Rae8 19. Bc4 Re4 20. Bxf6 Nxf6
21. d5 Ng4 22. g3 c5 23. Bd3 R4e7 24. Nd4 Nxf2 25. Kxf2 Re3 26. Nf5 R3e5 27.
Qg4 Rxf5+ 28. Qxf5 g6 29. Qf3 Qb6 30. Kg2 Qxb2+ 31. Rc2 Qg7 32. Bb5 Re7 33. Re2
f5 34. Rfe1 a6 35. Rxe7 Bxe7 36. d6 1-0

[Event "Brno /Dedek mem. B/"]
[Site "?"]
[Date "2005.01.13"]
[Round "4"]
[White "Petrilak, Jan"]
[Black "Hladil, Ivo"]
[Result "0-1"]
[WhiteElo "1623"]
[BlackElo "1838"]
[PlyCount "68"]
[EventDate "2005.01.04"]

1. e4 d6 2. f4 Nf6 3. Nc3 e5 4. f5 d5 5. Bd3 d4 6. Nce2 Nbd7 7. a3 b6 8. Nf3
Bb7 9. Ng3 Bd6 10. Qe2 a5 11. Bc4 h6 12. d3 Qe7 13. Bd2 c6 14. O-O b5 15. Ba2
O-O 16. Nh4 Kh7 17. Nh5 c5 18. g4 Nxh5 19. Ng6 fxg6 20. gxh5 gxf5 21. Qg2 Rf6
22. Rxf5 c4 23. Raf1 g5 24. dxc4 Rxf5 25. Rxf5 Nf6 26. c5 Bxc5 27. Rxg5 hxg5
28. Bxg5 d3+ 29. Kf1 d2 30. Bxd2 Qg7 31. Bg5 Nxe4 32. Qg4 Rf8+ 33. Ke2 Nxg5 34.
c3 Bf3+ 0-1

[Event "Brno /Dedek mem. B/"]
[Site "?"]
[Date "2005.02.10"]
[Round "4"]
[White "Doskar, Miloslav"]
[Black "Hnilicka, Michal"]
[Result "0-1"]
[WhiteElo "1685"]
[BlackElo "1748"]
[PlyCount "58"]
[EventDate "2005.01.04"]

1. d4 d5 2. c4 e5 3. cxd5 Qxd5 4. Nf3 Nc6 5. e3 Bg4 6. Be2 O-O-O 7. Nc3 Bb4 8.
a3 Bxc3+ 9. bxc3 Nf6 10. O-O exd4 11. cxd4 Ne4 12. Bb2 Rd6 13. h3 h5 14. Nd2
Nxd2 15. Qxd2 Bxh3 16. Bf3 Qg5 17. Rfc1 Ne5 18. Rxc7+ Kd8 19. Bxb7 Kxc7 20.
Qc2+ Nc6 21. Bxc6 Rxc6 22. Qe4 Re8 23. Qf3 Be6 24. Rd1 Bd5 25. Qh3 Rc2 26. Qh2+
Kd7 27. Rb1 Bxg2 28. Qxg2 Qxg2+ 29. Kxg2 Rh8 0-1

[Event "Brno /Dedek mem. B/"]
[Site "?"]
[Date "2005.01.13"]
[Round "4"]
[White "Stanek, Stanislav"]
[Black "Vesely, Jaromir"]
[Result "1/2-1/2"]
[WhiteElo "2009"]
[BlackElo "2046"]
[PlyCount "162"]
[EventDate "2005.01.04"]

1. d4 e6 2. c3 d5 3. Bf4 Nf6 4. e3 Be7 5. Bd3 b6 6. Nd2 c5 7. Rc1 O-O 8. h4 Ba6
9. Bb1 Nbd7 10. Ngf3 Re8 11. g4 Nf8 12. Ne5 Bd6 13. g5 Bxe5 14. Bxe5 N6d7 15.
f4 cxd4 16. exd4 Bb5 17. Qg4 a5 18. Kf2 Ra7 19. Rcg1 Ng6 20. h5 Ndxe5 21. fxe5
Nf8 22. Rg3 Ree7 23. Rf3 Be8 24. Rf4 b5 25. Rh3 b4 26. cxb4 axb4 27. g6 fxg6
28. Rhf3 Rf7 29. hxg6 hxg6 30. Nb3 Rxf4 31. Rxf4 Rf7 32. Nc5 Rxf4+ 33. Qxf4 Qe7
34. Bc2 g5 35. Qg4 Qf7+ 36. Qf3 Qf4 37. Qxf4 gxf4 38. Kf3 Bb5 39. Kxf4 Kf7 40.
Bd3 Bc6 41. Na6 b3 42. axb3 Nd7 43. b4 Nb6 44. b3 Ke7 45. Kg5 Be8 46. Nc7 Kd7
47. Nb5 Nc8 48. Nc3 Kc7 49. Ne2 Na7 50. Nf4 Bf7 51. Bg6 Bg8 52. Be8 Kd8 53. Ba4
Bf7 54. Ng6 Bg8 55. Nf8 Bf7 56. Nd7 Kc7 57. Nc5 Nc6 58. Bxc6 Kxc6 59. Nxe6 Bxe6
60. Kg6 Kd7 61. Kxg7 Ke7 62. b5 Bd7 63. b6 Bc6 64. b4 Bb7 65. Kg6 Bc8 66. Kg5
Ke6 67. b5 Bb7 68. Kf4 Bc8 69. Ke3 Bb7 70. Kd3 Kf5 71. Ke3 Ke6 72. Kd3 Kf5 73.
Ke3 Bc8 74. Kf3 Bb7 75. Kg3 Bc8 76. Kh4 Bb7 77. Kh5 Ke6 78. Kg6 Bc8 79. Kg5 Bb7
80. Kf4 Ke7 81. Kg5 81... Ke6 {(1.34-2.16)} 1/2-1/2

[Event "Brno /Dedek mem. B/"]
[Site "?"]
[Date "2005.01.13"]
[Round "4"]
[White "Prokop, Petr"]
[Black "Smistik, Milan"]
[Result "0-1"]
[WhiteElo "1621"]
[BlackElo "2273"]
[PlyCount "65"]
[EventDate "2005.01.04"]

1. e4 d5 2. exd5 Qxd5 3. Nc3 Qd6 4. d4 Nf6 5. Nf3 a6 6. Bd3 Nc6 7. h3 Nb4 8.
O-O Nxd3 9. Qxd3 Bd7 10. Ne4 Nxe4 11. Qxe4 Bc6 12. Qe2 O-O-O 13. c3 Qd5 14. Re1
Bb5 15. Qc2 f6 16. b3 Bd7 17. c4 Qf5 18. Qxf5 Bxf5 19. d5 e5 20. dxe6 Bb4 21.
e7 Rde8 22. Bd2 Bxe7 23. Bc3 Bd6 24. Rad1 Bc2 25. Rc1 Bg6 26. a4 Rxe1+ 27. Rxe1
Bc2 28. Nd4 Bg6 29. Nf3 Rd8 30. g3 Bc5 31. b4 Rd3 32. bxc5 Rxc3 33. Re7 {
(1.57-0.59)} 0-1

[Event "Brno /Dedek mem. B/"]
[Site "?"]
[Date "2005.01.18"]
[Round "5"]
[White "Smistik, Milan"]
[Black "Zejda, Karel"]
[Result "1-0"]
[WhiteElo "2273"]
[BlackElo "1814"]
[PlyCount "51"]
[EventDate "2005.01.04"]

1. e4 c5 2. Nf3 d6 3. d4 cxd4 4. Nxd4 Nf6 5. Nc3 a6 6. f3 e6 7. g4 Nc6 8. g5
Nd7 9. Be3 Be7 10. h4 Qc7 11. Bh3 Nde5 12. Qe2 Nxd4 13. Bxd4 Qc4 14. Qxc4 Nxc4
15. Bxg7 Rg8 16. Bd4 e5 17. Bf2 Bxh3 18. Rxh3 Nxb2 19. Rb1 Rc8 20. Rxb2 Rxc3
21. Rxb7 Rxc2 22. f4 f6 23. Ra3 fxg5 24. Rxa6 gxf4 25. Ra8+ Bd8 26. Bb6 {
(1.35-1.15)} 1-0

[Event "Brno /Dedek mem. B/"]
[Site "?"]
[Date "2005.01.18"]
[Round "5"]
[White "Vesely, Jaromir"]
[Black "Prokop, Petr"]
[Result "1-0"]
[WhiteElo "2046"]
[BlackElo "1621"]
[PlyCount "35"]
[EventDate "2005.01.04"]

1. d4 d5 2. Nf3 Nf6 3. c4 c6 4. Nc3 e6 5. e3 Be7 6. Bd3 O-O 7. O-O Nbd7 8. e4
dxe4 9. Nxe4 Nxe4 10. Bxe4 Nf6 11. Bc2 c5 12. Qd3 h6 13. Be3 cxd4 14. Bxd4 Qd6
15. Rad1 Rd8 16. Ne5 Kf8 17. Nxf7 Qxd4 18. Nxd8 {(0.15-1.15)} 1-0

[Event "Brno /Dedek mem. B/"]
[Site "?"]
[Date "2005.01.18"]
[Round "5"]
[White "Zikan, Karel"]
[Black "Stanek, Stanislav"]
[Result "1/2-1/2"]
[WhiteElo "1883"]
[BlackElo "2009"]
[PlyCount "113"]
[EventDate "2005.01.04"]

1. c4 d6 2. Nc3 e5 3. g3 c6 4. Bg2 Be6 5. b3 Qd7 6. d4 Nf6 7. Bb2 Be7 8. dxe5
dxe5 9. Nf3 Qxd1+ 10. Rxd1 Nfd7 11. O-O f6 12. Ne4 Kf7 13. Nd6+ Bxd6 14. Rxd6
Re8 15. Rfd1 Nf8 16. Nd2 Bf5 17. Ne4 Na6 18. Ba3 Rac8 19. R6d2 Bxe4 20. Bxe4 g6
21. h4 Nb8 22. g4 Rc7 23. h5 Rd7 24. hxg6+ hxg6 25. Rxd7+ Nfxd7 26. Kg2 Nf8 27.
Bc5 b6 28. Bd6 Rd8 29. Rd3 Na6 30. Bxc6 Ne6 31. Kg3 Nf4 32. Rd2 Nxe2+ 33. Rxe2
Rxd6 34. Bd5+ Kg7 35. f4 exf4+ 36. Kxf4 Rd7 37. a3 Nc7 38. Bc6 Rd4+ 39. Kf3 Kf8
40. Re4 Rd3+ 41. Re3 Rd6 42. Be4 Kf7 43. Rd3 Rxd3+ 44. Bxd3 Ne6 45. b4 Nf8 46.
Ke4 Ke6 47. Kd4 f5 48. gxf5+ gxf5 49. c5 bxc5+ 50. Kxc5 Nd7+ 51. Kb5 Nb8 52.
Kc5 Nd7+ 53. Kb5 Nb8 54. a4 Ke5 55. Kc5 Nd7+ 56. Kc6 Nb6 57. Bxf5 {
(R. 2.05-1.35)} 1/2-1/2

[Event "Brno /Dedek mem. B/"]
[Site "?"]
[Date "2005.01.18"]
[Round "5"]
[White "Hnilicka, Michal"]
[Black "Novak, Jaromir"]
[Result "1-0"]
[WhiteElo "1748"]
[BlackElo "1955"]
[PlyCount "49"]
[EventDate "2005.01.04"]

1. e4 e6 2. d4 d5 3. e5 c5 4. Nc3 Nc6 5. Nf3 cxd4 6. Nb5 a6 7. Nbxd4 Bc5 8. Be3
Qb6 9. Rb1 Nge7 10. a3 Ng6 11. b4 Bxd4 12. Nxd4 Qc7 13. Nxc6 bxc6 14. f4 Bd7
15. Bd3 a5 16. O-O axb4 17. axb4 O-O 18. Bc5 Rfe8 19. Qh5 Qd8 20. Rf3 f5 21.
Rh3 Nxf4 22. Qxh7+ Kf7 23. Rg3 Rg8 24. Rf1 Nh5 25. Qg6# 1-0

[Event "Brno /Dedek mem. B/"]
[Site "?"]
[Date "2005.01.18"]
[Round "5"]
[White "Hladil, Ivo"]
[Black "Doskar, Miloslav"]
[Result "1-0"]
[WhiteElo "1838"]
[BlackElo "1685"]
[PlyCount "91"]
[EventDate "2005.01.04"]

1. c4 Nf6 2. g3 e6 3. Bg2 d5 4. Nf3 Nbd7 5. Qc2 Rb8 6. d3 Be7 7. Nc3 b6 8. cxd5
exd5 9. Bf4 a6 10. O-O Bb7 11. e4 Nc5 12. exd5 Nxd5 13. Nxd5 Bxd5 14. Rfe1 O-O
15. d4 Ne6 16. Be3 Bf6 17. Rac1 Rc8 18. Red1 Bxf3 19. Bxf3 Bxd4 20. Bb7 Rb8 21.
Be4 g6 22. Qc6 Re8 23. Rc4 b5 24. Rcxd4 Nxd4 25. Rxd4 Qc8 26. Bc2 Rb6 27. Qd7
c5 28. Qxc8 Rxc8 29. Rd7 Re6 30. Kg2 Kg7 31. h4 h5 32. Bd1 c4 33. Bf3 Kf8 34.
Bd5 Re7 35. Rxe7 Kxe7 36. Bb7 c3 37. bxc3 Rxc3 38. Bxa6 b4 39. Bd2 Rc2 40.
Bxb4+ Ke6 41. a4 Ke5 42. Bb5 Kd5 43. Be7 f5 44. Bg5 Kd4 45. Be8 Ra2 46. Bxg6
1-0

[Event "Brno /Dedek mem. B/"]
[Site "?"]
[Date "2005.01.18"]
[Round "5"]
[White "Prokes, Karel"]
[Black "Petrilak, Jan"]
[Result "1-0"]
[WhiteElo "1747"]
[BlackElo "1623"]
[PlyCount "43"]
[EventDate "2005.01.04"]

1. e4 e5 2. Nf3 Nc6 3. Bc4 Bc5 4. c3 Qe7 5. O-O h6 6. d4 Bd6 7. Be3 Nf6 8. d5
Na5 9. Bd3 b6 10. b4 Nb7 11. Na3 O-O 12. Nh4 Nxd5 13. Nf5 Nxe3 14. Nxe7+ Bxe7
15. fxe3 a5 16. Nb5 axb4 17. Nxc7 Ra3 18. Nd5 Bg5 19. cxb4 Nd8 20. Rf5 d6 21.
Rxg5 hxg5 22. Ne7+ 1-0